European Cities with a Subway System Quiz Stats

 Plays Quiz not verified by Sporcle

Score 0/54 Timer 08:00
0 Plays Today
Country City % Correct
SpainMadrid
99.4%
GermanyBerlin
99.2%
RussiaMoscow
99%
United KingdomLondon
99%
SpainBarcelona
98.6%
FranceParis
98.1%
DenmarkCopenhagen
97.6%
NorwayOslo
97.6%
ItalyRome
97.5%
NetherlandsAmsterdam
97.5%
RussiaSaint Petersburg
97.1%
GreeceAthens
97%
SwedenStockholm
96.8%
AustriaVienna
96.5%
ItalyMilan
96.5%
PortugalLisbon
96.2%
Czech RepublicPrague
96%
GermanyMunich
95.9%
UkraineKiev
95.4%
RomaniaBucharest
93.7%
TurkeyIstanbul
93.5%
BelgiumBrussels
93.2%
GermanyHamburg
93.2%
BelarusMinsk
91.9%
NetherlandsRotterdam
91%
HungaryBudapest
90.5%
FranceMarseille
89.7%
Country City % Correct
United KingdomGlasgow
87.8%
FranceLyon
87.5%
FinlandHelsinki
87%
PolandWarsaw
86.8%
BulgariaSofia
85.7%
ItalyNaples
84.2%
GermanyFrankfurt
84%
ItalyTurin
74.3%
SpainBilbao
67%
SpainSeville
65.3%
FranceLille
60.9%
ItalyGenoa
57.7%
FranceToulouse
54.2%
United KingdomNewcastle
53.4%
UkraineKharkiv
52.5%
RussiaKazan
40.7%
RussiaNizhny Novgorod
39.1%
SwitzerlandLausanne
38.4%
GermanyNuremberg
30.9%
UkraineDnipropetrovsk
30.1%
RussiaSamara
28.1%
RussiaYekaterinburg
26.8%
SpainPalma de Mallorca
26.8%
FranceRennes
26.6%
ItalyCatania
23.1%
SpainSan Sebastian
19.5%
ItalyBrescia
13.2%

You're not logged in!

Compare scores with friends on all Sporcle quizzes.
OR
Log In

Show Comments

Extras

Top Quizzes Today


Score Distribution

Your Account Isn't Verified!

In order to create a playlist on Sporcle, you need to verify the email address you used during registration. Go to your Sporcle Settings to finish the process.

Report this User

Report this user for behavior that violates our Community Guidelines.

Details: